000 00640nam a2200229Ia 4500
003 OSt
005 20221002050634.0
006 a|||||r|||| 00| 0
007 ta
008 220930b |||||||| |||| 00| 0 eng d
024 _a17021
037 _cReference Collections
040 _aCRL
_cCRL
_beng
041 _2eng
_aeng
082 _az5, J2.36(RR)
245 0 _aGreat book of the western world ed by Robert Maynard Hutchins
260 _aChicago
_bEncyclopaedia Britannica
_c1952
300 _axix, 556p
_ccm.
650 _aGENERALIA
942 _hz5, J2.36(RR)
_cref
_2CC
999 _c915102
_d915102